| 000 | 00510nam a22001577a 4500 | ||
|---|---|---|---|
| 003 | NUST | ||
| 005 | 20240226125832.0 | ||
| 082 | _a005.1,HIA | ||
| 100 |
_aHaider, Muhammad Murad _935044 |
||
| 245 |
_aPolicy based Governance of Virtual Organizations in the Context of Service Oriented Architecture / _cMuhammad Murad Haider |
||
| 260 |
_aRawalpindi _bMCS - NUST, _c2012 |
||
| 300 | _a74 p. ; 30cm | ||
| 600 |
_aDr. Awais Majeed _935045 |
||
| 650 |
_aSoftware Engineering-MS-Thesis _916149 |
||
| 942 |
_2ddc _cTHE |
||
| 999 |
_c608192 _d608192 |
||